Victorian Rail Network (Metropolitan and Regional) - HARD VERSION - Statistics

General Stats
  • This quiz has been taken 127 times
  • The average score is 199 of 320
Answers on the Map
Answers color-coded by a green-red scale on the quiz's map according to % correct below.
 
Answer Stats
Railway Station % Correct
Echuca
94%
Ararat
72%
Diggers Rest
72%
Footscray
72%
Ginifer
72%
Keilor Plains
72%
Maryborough
72%
Middle Footscray
72%
North Melbourne
72%
St Albans
72%
Sunbury
72%
Sunshine
72%
Tottenham
72%
Watergardens
72%
West Footscray
72%
Alamein
67%
Albion
67%
Alphington
67%
Anstey
67%
Ashburton
67%
Bairnsdale
67%
Batman
67%
Bayswater
67%
Beaconsfield
67%
Beaufort
67%
Belgrave
67%
Bell
67%
Bendigo
67%
Berwick
67%
Blackburn
67%
Boronia
67%
Box Hill
67%
Brunswick
67%
Burnley
67%
Burwood
67%
Camberwell
67%
Canterbury
67%
Cardinia Road
67%
Carnegie
67%
Clayton
67%
Clifton Hill
67%
Coburg
67%
Collingwood
67%
Cranbourne
67%
Croxton
67%
Croydon
67%
Dandenong
67%
Darebin
67%
Darling
67%
Dennis
67%
Diamond Creek
67%
Eaglemont
67%
East Camberwell
67%
East Malvern
67%
East Pakenham
67%
East Richmond
67%
Eltham
67%
Epping
67%
Fairfield
67%
Fawkner
67%
Ferntree Gully
67%
Flemington Bridge
67%
Gardiner
67%
Garfield
67%
Glenferrie
67%
Glen Waverley
67%
Gowrie
67%
Greensborough
67%
Hallam
67%
Hartwell
67%
Hawkstowe
67%
Hawthorn
67%
Heatherdale
67%
Heathmont
67%
Heidelberg
67%
Heyington
67%
Holmesglen
67%
Hughesdale
67%
Huntingdale
67%
Hurstbridge
67%
Ivanhoe
67%
Jewell
67%
Jolimont
67%
Jordanville
67%
Keon Park
67%
Kooyong
67%
Laburnum
67%
Lalor
67%
Lilydale
67%
Lynbrook
67%
Macaulay
67%
Macleod
67%
Merinda Park
67%
Mernda
67%
Merri
67%
Middle Gorge
67%
Mitcham
67%
Moe
67%
Montmorency
67%
Mooroolbark
67%
Moreland
67%
Mount Waverley
67%
Murrumbeena
67%
Nar Nar Goon
67%
Narre Warren
67%
Noble Park
67%
Northcote
67%
North Richmond
67%
Nunawading
67%
Oakleigh
67%
Officer
67%
Pakenham
67%
Preston
67%
Regent
67%
Reservoir
67%
Ringwood
67%
Ringwood East
67%
Riversdale
67%
Rosanna
67%
Royal Park
67%
Rushall
67%
Ruthven
67%
Sale
67%
Sandown Park
67%
South Morang
67%
Springvale
67%
Stony Point
67%
Swan Hill
67%
Syndal
67%
Tecoma
67%
Thomastown
67%
Tooronga
67%
Trafalgar
67%
Traralgon
67%
Tynong
67%
Union
67%
Upfield
67%
Upper Ferntree Gully
67%
Upwey
67%
Victoria Park
67%
Watsonia
67%
Wattle Glen
67%
Wendouree
67%
Westall
67%
Westgarth
67%
West Richmond
67%
Willison
67%
Yarraman
67%
Aircraft
61%
Albury
61%
Altona
61%
Armadale
61%
Aspendale
61%
Auburn
61%
Ballarat
61%
Baxter
61%
Bentleigh
61%
Bittern
61%
Bonbeach
61%
Brighton Beach
61%
Broadmeadows
61%
Carrum
61%
Caulfield
61%
Chatham
61%
Chelsea
61%
Clunes
61%
Craigieburn
61%
Creswick
61%
Crib Point
61%
Deer Park
61%
Drouin
61%
Edithvale
61%
Elsternwick
61%
Essendon
61%
Flemington Racecourse
61%
Frankston
61%
Gardenvale
61%
Geelong
61%
Glenbervie
61%
Glen Huntly
61%
Glen Iris
61%
Glenroy
61%
Hampton
61%
Hastings
61%
Hawksburn
61%
Highett
61%
Hoppers Crossing
61%
Huntly
61%
Jacana
61%
Kananook
61%
Kensington
61%
Laverton
61%
Leawarra
61%
Little River
61%
Macedon
61%
Malvern
61%
McKinnon
61%
Mentone
61%
Merlynston
61%
Middle Brighton
61%
Moonee Ponds
61%
Moorabbin
61%
Mordialloc
61%
Morradoo
61%
Morwell
61%
Newmarket
61%
Newport
61%
North Brighton
61%
North Geelong
61%
North Williamstown
61%
Oak Park
61%
Ormond
61%
Parkdale
61%
Pascoe Vale
61%
Patterson
61%
Prahran
61%
Richmond
61%
Ripponlea
61%
Rochester
61%
Roxburgh Park
61%
Sandringham
61%
Seaford
61%
Seddon
61%
Shepparton
61%
Showgrounds
61%
Somerville
61%
Southern Cross
61%
South Kensington
61%
Southland
61%
South Yarra
61%
Spotswood
61%
Strathmore
61%
Toorak
61%
Tyabb
61%
Warragul
61%
Warrnambool
61%
Werribee
61%
Westona
61%
Williams Landing
61%
Williamstown
61%
Williamstown Beach
61%
Windsor
61%
Wodonga
61%
Woodend
61%
Wyndham Vale
61%
Yarraville
61%
Anzac
56%
Ardeer
56%
Arden
56%
Ascot Vale
56%
Balaclava
56%
Bunyip
56%
Caroline Springs
56%
Castlemaine
56%
Cheltenham
56%
Chiltern
56%
Clarkefield
56%
Cobblebank
56%
Coolaroo
56%
Corio
56%
Eaglehawk
56%
Elmore
56%
Epsom
56%
Flagstaff
56%
Flinders Street
56%
Goornong
56%
Kangaroo Flat
56%
Kerang
56%
Kilmore East
56%
Kyneton
56%
Lara
56%
Marshall
56%
Melbourne Central
56%
Melton
56%
North Shore
56%
Parkville
56%
Parliament
56%
Pyramid
56%
Riddells Creek
56%
Rockbank
56%
Rosedale
56%
Seaholme
56%
Seymour
56%
South Geelong
56%
State Library
56%
Stratford
56%
Tarneit
56%
Thornbury
56%
Waurn Ponds
56%
Winchelsea
56%
Bacchus Marsh
50%
Ballan
50%
Benalla
50%
Birregurra
50%
Camperdown
50%
Colac
50%
Dingee
50%
Donnybrook
50%
Euroa
50%
Gisborne
50%
Longwarry
50%
Malmsbury
50%
Mooroopna
50%
Raywood
50%
Sherwood Park
50%
Springhurst
50%
Talbot
50%
Tallarook
50%
Terang
50%
Town Hall
50%
Violet Town
50%
Wallan
50%
Wandong
50%
Wangaratta
50%
Yarragon
50%
Avenel
44%
Broadford
44%
Heathcote Junction
44%
Murchison East
44%
Nagambie
44%
No matching quizzes found
Score Distribution
Percent of People with Each Score
Percentile by Number Answered
Your Score History
You have not taken this quiz